|
|
|
|
| LEADER |
01292nam a2200337 4500 |
| 001 |
000014403 |
| 003 |
10768 |
| 005 |
20120507100557.0 |
| 008 |
120426s1998 viesd |
| 020 |
|
|
|c 5800
|
| 041 |
0 |
|
|a vie
|
| 082 |
|
|
|a 895.92209
|b NG-H
|
| 100 |
0 |
|
|a Nguyễn Xuân Nam
|e Tuyển chọn và biên soạn
|
| 245 |
|
0 |
|a Nguyên Hồng - Tô Hoài
|b Giúp học sinh học tốt môn văn. Để giáo viên tham khảo, đọc thêm.Dành cho những người yêu văn chương
|c Nguyễn Xuân Nam
|
| 250 |
|
|
|a Tái bản lần thứ nhất
|
| 260 |
|
|
|a H.
|b Giáo dục
|c 1998
|
| 300 |
|
|
|a 119 tr.
|c 20 cm
|
| 490 |
|
|
|a Nhà văn và tác phẩm trong nhà trường phổ thông
|
| 653 |
|
|
|a Văn học dân gian
|
| 653 |
|
|
|a Việt Nam
|
| 700 |
|
|
|a Nguyễn Xuân Nam
|e Tuyển chọn và biên soạn
|
| OWN |
|
|
|a LSP
|
| AVA |
|
|
|a UDN50
|b LSP
|d 895.92209 NG-H
|e available
|t Error 5001 Not defined in file expand_doc_bib_avail.
|f 2
|g 0
|h N
|i 0
|k 1
|
| 999 |
|
|
|a From the UDN01
|
| AVA |
|
|
|a UDN50
|b LSP
|d 895.92209 NG-H
|e available
|t Error 5001 Not defined in file expand_doc_bib_avail.
|f 2
|g 0
|h N
|i 0
|k 1
|
| TYP |
|
|
|a Monograph
|
| TYP |
|
|
|a Printed language
|
| 980 |
|
|
|a Mạng thư viện Đại học Đà Nẵng
|